Music Quiz

Random Music or Kpop Quiz

The Best Kpop Debuts Quiz Stats

 Plays Quiz not verified by Sporcle

Support Sporcle.
Go Orange.
Score 0/87 Timer 11:00
0 Plays Today
% Correct
Twice
91%
Wanna One
91%
SNSD
89.3%
Got7
88.2%
Red Velvet
87.6%
Troublemaker
87.6%
Seventeen
87.1%
2NE1
84.8%
(G)-IDLE
82%
Gfriend
81.5%
Mino
81.5%
A.C.E
80.9%
GD X Taeyang
79.8%
Nu'est
79.2%
AOA
77.5%
Dreamcatcher
77%
SF9
76.4%
B.A.P
75.3%
Oh My Girl Banhana
75.3%
Highlight
75.3%
Winner
74.2%
Dreamnote
68.5%
GWSN
62.9%
Taemin
62.9%
KNK
61.8%
GD
59.6%
Bastarz
59%
CNBLUE
58.4%
Btob
57.9%
% Correct
Ailee
57.3%
Big Bang
54.5%
Block B
52.2%
Oh My Girl
51.1%
WJSN
50%
The Rose
48.3%
Fromis_9
48.3%
Zico
47.2%
Hyuna
46.1%
B1A4
43.3%
Jessica
41%
ZE:A
39.9%
Teen Top
37.1%
AlphaBAT
37.1%
Beast
36.5%
Girl's Day
36%
Madtown
34.3%
FTIsland
34.3%
Hi Suhyun
33.7%
RM
33.7%
Dalshabet
32.6%
N.Flying
31.5%
HotShot
29.8%
Saturday
28.7%
Cross Gene
28.7%
Yang Yoseob
27.5%
M.O.N.T
27%
Park Bom
27%
PinkFantasy
25.8%
% Correct
Junsu
25.8%
Bang Yongguk
24.7%
EvoL
24.2%
T-Ara
23%
ToppDogg
20.8%
Hyosung
19.1%
Hyunseung
18%
Jonghyun
17.4%
Hot Place
16.9%
WJMK
16.3%
Berry Good
15.2%
Bulldok
14.6%
Minseo
14%
Drug Restaurant
14%
Fanatics Flavor
12.9%
Neonpunch
12.9%
Lizzy
12.9%
Purfles
11.8%
SS301
11.2%
Berry Good Heart Heart
11.2%
Yukika
10.1%
Apple.B
9.6%
MASC
9.6%
Unicorn
9%
Favorite
9%
Co-Ed School
8.4%
Daehyun
8.4%
Sechskies
6.7%
P.O.P
5.6%

You're not logged in!

Compare scores with friends on all Sporcle quizzes.
OR
Log In

From the Vault

Assassins in Movies

by Larryholmes79

Go ahead. Play the quiz, friendo.
Remove Ads.
Support Sporcle.
Get the best of Sporcle when you Go Orange. This ad-free experience offers more features, more stats, and more fun while also helping to support Sporcle. Thank you for becoming a member.

Show Comments

Extras

Top Quizzes Today


Score Distribution

Your Account Isn't Verified!

In order to create a playlist on Sporcle, you need to verify the email address you used during registration. Go to your Sporcle Settings to finish the process.

Report this User

Report this user for behavior that violates our Community Guidelines.

Details: